| 000 | 00824nam a2200253Ia 4500 | ||
|---|---|---|---|
| 003 | OSt | ||
| 005 | 20221005025414.0 | ||
| 006 | a|||||r|||| 00| 0 | ||
| 007 | ta | ||
| 008 | 221004b |||||||| |||| 00| 0 eng d | ||
| 020 |
_a8170463173 (pbk) _c550 |
||
| 024 | _a94965 | ||
| 037 |
_bDU67, 17/03/2009, Independent Publishers Group _cTextual |
||
| 040 |
_aCRL _cCRL _beng |
||
| 041 |
_2eng _aeng |
||
| 082 | _aV247L.P1, P4 | ||
| 100 |
_aAggarwal Ravina _9280050 |
||
| 245 | 0 |
_aBeyond lines of control _b Performance and politics on the disputed borders of Ladakh, India |
|
| 260 |
_aCalcutta _bSeagull India _c2004 |
||
| 300 |
_aix,305p. _ccm. |
||
| 650 | _aHISTORY | ||
| 942 |
_hV247L.P1, P4 _cTEXL _2cc |
||
| 999 |
_c934661 _d934661 |
||